<?xml version="1.0" encoding="UTF-8"?>
<record
    xmlns:xsi="http://www.w3.org/2001/XMLSchema-instance"
    xsi:schemaLocation="http://www.loc.gov/MARC21/slim http://www.loc.gov/standards/marcxml/schema/MARC21slim.xsd"
    xmlns="http://www.loc.gov/MARC21/slim">

  <leader>01972nam a22002897a 4500</leader>
  <controlfield tag="008">251008b        |||||||| |||| 00| 0 eng d</controlfield>
  <datafield tag="020" ind1=" " ind2=" ">
    <subfield code="a">9780008722746</subfield>
  </datafield>
  <datafield tag="040" ind1=" " ind2=" ">
    <subfield code="c">tbs</subfield>
  </datafield>
  <datafield tag="041" ind1=" " ind2=" ">
    <subfield code="a">eng</subfield>
  </datafield>
  <datafield tag="050" ind1=" " ind2=" ">
    <subfield code="a">PZ7.M2695 WAT 2025</subfield>
  </datafield>
  <datafield tag="100" ind1=" " ind2=" ">
    <subfield code="a">Mafi, Tahereh</subfield>
    <subfield code="9">26067</subfield>
    <subfield code="e">author</subfield>
  </datafield>
  <datafield tag="245" ind1=" " ind2=" ">
    <subfield code="a">Watch me </subfield>
    <subfield code="b">: a shatter me novel</subfield>
    <subfield code="c">/ Tahereh Mafi.</subfield>
  </datafield>
  <datafield tag="260" ind1=" " ind2=" ">
    <subfield code="a">London :</subfield>
    <subfield code="b">HarperCollins Publishers,</subfield>
    <subfield code="c">2025.</subfield>
  </datafield>
  <datafield tag="300" ind1=" " ind2=" ">
    <subfield code="a">351 pages ;</subfield>
    <subfield code="c">22 cm.</subfield>
  </datafield>
  <datafield tag="490" ind1=" " ind2=" ">
    <subfield code="a">Shatter me series. </subfield>
    <subfield code="v">New republic 1.</subfield>
  </datafield>
  <datafield tag="520" ind1=" " ind2=" ">
    <subfield code="a">James Anderson had a plan. Or half of one. All that matters is that he managed to do what his older brother, the famous Aaron Warner Anderson, never did: infiltrate Ark Island, the last refuge of The Reestablishment. In the past decade no outsider has breached the stronghold of the authoritarian regime, but James is in. In a prison cell, sure, but as far as James is concerned, a win is a win. It's been ten years since the fall of The Reestablishment. Ten years since the notorious duo--Juliette Ferrars and Aaron Warner Anderson--led a worldwide rebellion and established the New Republic of the West. But after a decade of unsettling quiet, The Reestablishment is ready to make a devastating move, and they have the perfect person for the job. Rosabelle Wolff had a plan. She always has a plan. On Ark Island, where constant surveillance is packaged as security, even emotions must be experienced with caution. A trained assassin, her every movement is monitored by synthetic intelligence--and when she's given an order to kill, she never hesitates.</subfield>
  </datafield>
  <datafield tag="650" ind1=" " ind2="0">
    <subfield code="a">Government, Resistance to</subfield>
    <subfield code="v">Fiction</subfield>
    <subfield code="9">25943</subfield>
  </datafield>
  <datafield tag="650" ind1=" " ind2="0">
    <subfield code="a">Revenge</subfield>
    <subfield code="v">Fiction</subfield>
    <subfield code="9">11490</subfield>
  </datafield>
  <datafield tag="650" ind1=" " ind2="0">
    <subfield code="a">Assassins</subfield>
    <subfield code="v">Fiction</subfield>
    <subfield code="9">26068</subfield>
  </datafield>
  <datafield tag="650" ind1=" " ind2="0">
    <subfield code="a">Authoritarianism</subfield>
    <subfield code="v">Fiction</subfield>
    <subfield code="9">26069</subfield>
  </datafield>
  <datafield tag="650" ind1=" " ind2="0">
    <subfield code="a">Man-woman relationships </subfield>
    <subfield code="v">Fiction</subfield>
    <subfield code="9">11134</subfield>
  </datafield>
  <datafield tag="650" ind1=" " ind2="0">
    <subfield code="a">Revolutions</subfield>
    <subfield code="v">Fiction</subfield>
    <subfield code="9">26070</subfield>
  </datafield>
  <datafield tag="650" ind1=" " ind2="0">
    <subfield code="a">Dystopias</subfield>
    <subfield code="v">Fiction</subfield>
    <subfield code="9">24119</subfield>
  </datafield>
  <datafield tag="655" ind1=" " ind2="0">
    <subfield code="a">Science fiction</subfield>
    <subfield code="9">22728</subfield>
  </datafield>
  <datafield tag="655" ind1=" " ind2="0">
    <subfield code="a">Dystopian fiction</subfield>
    <subfield code="9">25624</subfield>
  </datafield>
  <datafield tag="942" ind1=" " ind2=" ">
    <subfield code="2">lcc</subfield>
  </datafield>
  <datafield tag="952" ind1=" " ind2=" ">
    <subfield code="0">0</subfield>
    <subfield code="1">0</subfield>
    <subfield code="2">lcc</subfield>
    <subfield code="4">0</subfield>
    <subfield code="7">0</subfield>
    <subfield code="a">TBS</subfield>
    <subfield code="b">TBS</subfield>
    <subfield code="d">2025-10-08</subfield>
    <subfield code="l">0</subfield>
    <subfield code="o">P-EN MAF</subfield>
    <subfield code="p">B07661</subfield>
    <subfield code="r">2025-10-08</subfield>
    <subfield code="t">1</subfield>
    <subfield code="w">2025-10-08</subfield>
    <subfield code="y">1</subfield>
  </datafield>
  <datafield tag="999" ind1=" " ind2=" ">
    <subfield code="c">5023</subfield>
    <subfield code="d">5023</subfield>
  </datafield>
</record>
